[Event "1.GRS Open"]
[Site "Ober-Ramstadt, Modauhalle"]
[Date "2024.07.27"]
[Round "3.30"]
[White "Rosenberger, Frank"]
[Black "Bahlo, Jens"]
[Result "1-0"]
[WhiteElo "2062"]
[BlackElo "1905"]
[PlyCount "81"]
[EventDate "2024.07.26"]
[WhiteTeam "SK 1980 Gernsheim"]
[BlackTeam "SK 1858 Gießen"]

1. e4 c6 2. d4 d5 3. exd5 cxd5 4. Bd3 Nc6 5. c3 Nf6 6. Bf4 e6 7. Qe2 Be7 8. h3 O-O 9. Nd2 Re8 10. Ngf3 Bd6 11. Bxd6 Qxd6 12. Ne5 Qe7 13. f4 Ne4 14. Nxe4 dxe4 15. Bxe4 Nxe5 16. dxe5 Qc5 17. O-O-O Rb8 18. Qd3 b5 19. Qd4 Qxd4 20. Rxd4 Bb7 21. Bxb7 Rxb7 22. Rhd1 Kf8 23. Rd7 Re7 24. Rd8+ Re8 25. R1d7 Rxd7 26. Rxd7 Ra8 27. Rb7 a6 28. Rb6 Ra7 29. Kc2 Ke7 30. Kb3 f6 31. Kb4 g5 32. exf6+ Kxf6 33. fxg5+ Kf5 34. g4+ Ke5 35. c4 bxc4 36. Kxc4 a5 37. a4 Rc7+ 38. Kd3 Ra7 39. Ke3 Kd5 40. Rb5+ Kd6 41. Ke4 1-0

[Event "1.GRS Open"]
[Site "Ober-Ramstadt, Modauhalle"]
[Date "2024.07.27"]
[Round "3.31"]
[White "Windmüller, Simon"]
[Black "Himmelspacht, Maxim"]
[Result "1-0"]
[WhiteElo "1976"]
[BlackElo "1824"]
[PlyCount "55"]
[EventDate "2024.07.26"]
[WhiteTeam "SC Turm Illingen"]
[BlackTeam "SK 1858 Gießen"]

1. Nf3 Nf6 2. g3 g6 3. Bg2 Bg7 4. O-O O-O 5. c4 c5 6. d4 cxd4 7. Nxd4 Nc6 8. Nc3 e6 9. e4 Nxe4 10. Nxc6 Nxc3 11. Nxd8 Nxd1 12. Nxe6 dxe6 13. Rxd1 Rb8 14. Be3 b6 15. c5 Bxb2 16. Rab1 Bf6 17. cxb6 axb6 18. Bc5 Rd8 19. Rxd8+ Bxd8 20. Bd6 Rb7 21. Bxb7 Bxb7 22. a4 Bc6 23. a5 b5 24. a6 Bb6 25. Rc1 Bd5 26. Bc5 Bxc5 27. Rxc5 b4 28. Rxd5 1-0

[Event "1.GRS Open"]
[Site "Ober-Ramstadt, Modauhalle"]
[Date "2024.07.27"]
[Round "3.32"]
[White "Li, Maxim"]
[Black "Gläßer, Vanessa"]
[Result "1-0"]
[WhiteElo "2044"]
[BlackElo "1819"]
[PlyCount "71"]
[EventDate "2024.07.26"]
[WhiteTeam "Wiesbadener SV 1885"]
[BlackTeam "SC Ladja Roßdorf"]

1. e4 c5 2. Nc3 Nc6 3. Bb5 g6 4. Bxc6 bxc6 5. d3 Bg7 6. Nge2 d5 7. O-O d4 8. Na4 Qa5 9. b3 Nf6 10. Bd2 Qb5 11. Qc1 Nd7 12. Bh6 O-O 13. Ng3 Re8 14. Bxg7 Kxg7 15. f4 e5 16. fxe5 Nxe5 17. Qg5 Kf8 18. Rf4 c4 19. Qh6+ Ke7 20. dxc4 Nxc4 21. bxc4 Qxa4 22. Qh4+ Kf8 23. Raf1 Be6 24. Qxh7 Qxc4 25. Qxg6 Ke7 26. Qf6+ Kd7 27. Nf5 c5 28. Qe5 Kc6 29. Qd6+ Kb5 30. Rb1+ Ka4 31. Qc6+ Ka3 32. Rb3+ Kxa2 33. Nd6 Bd5 34. Nxc4 Bxc6 35. Rb2+ Ka1 36. Rf1# 1-0

[Event "1.GRS Open"]
[Site "Ober-Ramstadt, Modauhalle"]
[Date "2024.07.27"]
[Round "3.33"]
[White "Meyer-Jany, Marcel"]
[Black "Geske, Bruna"]
[Result "0-1"]
[WhiteElo "1816"]
[BlackElo "2024"]
[PlyCount "102"]
[EventDate "2024.07.26"]
[WhiteTeam "SK Herborn 1946"]
[BlackTeam "Wiesbadener SV 1885"]

1. d4 d5 2. c4 c6 3. Nc3 Nf6 4. e3 Bg4 5. Qb3 Qb6 6. Qxb6 axb6 7. cxd5 Nxd5 8. Nxd5 cxd5 9. Nf3 f6 10. Bb5+ Kf7 11. Bd2 Nc6 12. O-O e6 13. Rfc1 Rc8 14. h3 Bh5 15. g4 Bg6 16. Nh4 Be4 17. f3 Bg6 18. Kg2 Bd6 19. Nxg6 hxg6 20. f4 Na7 21. Rxc8 Rxc8 22. Bd3 Rc7 23. Rc1 Nc6 24. b4 Re7 25. b5 Na5 26. e4 Rc7 27. Rxc7+ Bxc7 28. Bxa5 bxa5 29. Kf3 b6 30. h4 Bd6 31. e5 Be7 32. h5 gxh5 33. gxh5 f5 34. Be2 Ba3 35. Ke3 Bc1+ 36. Kf3 Kg8 37. Bd3 Kh7 38. Bf1 Kh6 39. Be2 Kxh5 40. Kg3+ Kh6 41. Kf3 g6 42. Bd1 Bd2 43. Be2 g5 44. fxg5+ Kxg5 45. Bf1 Bc1 46. Bh3 Kh4 47. Bf1 Bb2 48. Ke3 Kg3 49. Be2 f4+ 50. Kd2 f3 51. Bf1 Bxd4 0-1

[Event "1.GRS Open"]
[Site "Ober-Ramstadt, Modauhalle"]
[Date "2024.07.27"]
[Round "3.34"]
[White "Fröhlich-Dill, Astrid"]
[Black "Weber, Nikita"]
[Result "0-1"]
[WhiteElo "1800"]
[BlackElo "2010"]
[PlyCount "92"]
[EventDate "2024.07.26"]
[WhiteTeam "SV 1920 Hofheim"]
[BlackTeam "Vorw.Orient Mainz"]

1. d4 Nf6 2. c4 e5 3. dxe5 Ng4 4. Nf3 Bc5 5. e3 Nc6 6. h3 Ngxe5 7. Be2 d6 8. a3 a5 9. Nc3 Be6 10. b3 O-O 11. O-O Ng6 12. Nd5 Nce5 13. e4 Nxf3+ 14. Bxf3 Bxd5 15. exd5 Qf6 16. Be3 Bxe3 17. fxe3 Rfe8 18. Qd2 Qg5 19. Rae1 Re7 20. Bg4 Ne5 21. Rf5 Qg6 22. Rf4 b6 23. Bf5 Qg5 24. Qf2 g6 25. Bc2 Rae8 26. Kf1 Nd7 27. Rf3 Nc5 28. Qg3 Qh6 29. Rf4 Qg7 30. b4 axb4 31. axb4 Na6 32. Ba4 Rf8 33. Rb1 Qc3 34. Rb3 Qa1+ 35. Qe1 Qxa4 36. Qb1 Qe8 37. Kf2 Nb8 38. h4 Re5 39. Qd1 Re4 40. Qg4 Rxf4+ 41. Qxf4 Nd7 42. h5 Qe5 43. g4 g5 44. Qf5 Qxf5+ 45. gxf5 Kg7 46. e4 Ra8 0-1

[Event "1.GRS Open"]
[Site "Ober-Ramstadt, Modauhalle"]
[Date "2024.07.27"]
[Round "3.35"]
[White "Yang, Zhifei"]
[Black "Marcziter, Alex"]
[Result "0-1"]
[WhiteElo "1786"]
[BlackElo "2024"]
[PlyCount "114"]
[EventDate "2024.07.26"]
[WhiteTeam "Sabt Frankfurter TV 1860"]
[BlackTeam "SG Porz"]

1. e4 e5 2. Nf3 Nc6 3. Bb5 a6 4. Ba4 Nf6 5. O-O b5 6. Bb3 Be7 7. Re1 d6 8. c3 Na5 9. Bc2 c5 10. d4 Qc7 11. h3 h6 12. Nbd2 O-O 13. Nf1 Re8 14. Ng3 Bf8 15. d5 c4 16. Nh4 g6 17. Be3 Nb7 18. a4 Bd7 19. Qd2 Kh7 20. Nf3 Nc5 21. a5 Rab8 22. Nh2 Bg7 23. f3 Rb7 24. Ng4 Ng8 25. f4 Bxg4 26. hxg4 exf4 27. Bxf4 Reb8 28. e5 dxe5 29. d6 Qd7 30. Bxe5 Qxg4 31. Qd5 Bxe5 32. Qxe5 Nd7 33. Qe3 Ndf6 34. Ne4 Nxe4 35. Bxe4 Rd7 36. Rad1 Rbd8 37. Qb6 Qg5 38. Rd5 Qh4 39. Re2 Nf6 40. Rd4 Ng4 41. g3 Qxg3+ 42. Bg2 Ne5 43. Rd5 Nd3 44. Rd4 Nf4 45. Rxf4 Qxf4 46. Rf2 Qg5 47. Qxa6 Kg7 48. Qc6 Rxd6 49. Qf3 Rd1+ 50. Kh2 Qe5+ 51. Qf4 Qxf4+ 52. Rxf4 Ra1 53. Re4 Rxa5 54. Re5 Kf6 55. Rc5 Rd2 56. Kg3 Rxb2 57. Rc6+ Kg7 0-1

[Event "1.GRS Open"]
[Site "Ober-Ramstadt, Modauhalle"]
[Date "2024.07.27"]
[Round "3.37"]
[White "Schilz, Daniel"]
[Black "Hehn, Hartmut"]
[Result "0-1"]
[WhiteElo "1775"]
[BlackElo "2012"]
[PlyCount "68"]
[EventDate "2024.07.26"]
[WhiteTeam "SK 1980 Gernsheim"]
[BlackTeam "SV Ebersbach"]

1. Nf3 Nf6 2. g3 b6 3. Bg2 Bb7 4. c4 e6 5. d4 Be7 6. O-O O-O 7. b3 c5 8. Bb2 cxd4 9. Nxd4 Bxg2 10. Kxg2 d5 11. Nd2 Qd7 12. Rc1 Na6 13. Kg1 Rac8 14. cxd5 Qxd5 15. N2f3 Nc5 16. Rc2 Qb7 17. Qa1 Nd5 18. Rfc1 Bf6 19. Nb5 Bxb2 20. Qxb2 Qd7 21. a4 a6 22. Ne5 Qe7 23. Nd4 Nb4 24. Rc4 a5 25. Qd2 Rfd8 26. Qf4 f6 27. Nef3 Qd7 28. Qg4 g6 29. Nh4 Kf7 30. f4 Nd5 31. e4 Ne3 32. Qe2 Nxc4 33. Rxc4 Nb7 34. Rxc8 Qxd4+ 0-1

[Event "1.GRS Open"]
[Site "Ober-Ramstadt, Modauhalle"]
[Date "2024.07.27"]
[Round "3.38"]
[White "Wuerl, Roland"]
[Black "Datta, Anupam"]
[Result "1/2-1/2"]
[WhiteElo "2003"]
[BlackElo "1770"]
[PlyCount "46"]
[EventDate "2024.07.26"]
[WhiteTeam "SC FK Babenhausen 1994"]
[BlackTeam "Brühler Schachklub 1920 e. V."]

1. d4 d5 2. Nf3 Bf5 3. c4 e6 4. cxd5 exd5 5. Qb3 b6 6. Nc3 c6 7. Ne5 f6 8. Nf3 Bd6 9. g3 Ne7 10. Bg2 Bg6 11. O-O Na6 12. Re1 Nc7 13. e4 O-O 14. e5 fxe5 15. Nxe5 Bxe5 16. dxe5 Bf7 17. Qd1 Be6 18. Bg5 Qd7 19. Bxe7 Qxe7 20. Rc1 Qb4 21. Qd2 Nb5 22. Ne4 Qxd2 23. Nxd2 Nd4 1/2-1/2

[Event "1.GRS Open"]
[Site "Ober-Ramstadt, Modauhalle"]
[Date "2024.07.27"]
[Round "3.39"]
[White "Waffenschmidt, Joachim"]
[Black "Weber, Andreas"]
[Result "1-0"]
[WhiteElo "2000"]
[BlackElo "1759"]
[PlyCount "69"]
[EventDate "2024.07.26"]
[WhiteTeam "SV 1920 Hofheim"]
[BlackTeam "SV Oberursel"]

1. d4 Nf6 2. c4 Nc6 3. Nf3 e6 4. a3 d6 5. Nc3 g6 6. e4 Bg7 7. Be2 O-O 8. b4 e5 9. d5 Ne7 10. O-O Ne8 11. Ne1 f5 12. f3 f4 13. g4 g5 14. Nd3 Nf6 15. Bd2 h5 16. h3 hxg4 17. hxg4 Kf7 18. Kg2 Rh8 19. c5 Rh6 20. Qc2 Bd7 21. Rh1 Qc8 22. Rxh6 Bxh6 23. Rh1 Kg6 24. Nf2 Bg7 25. a4 Neg8 26. Bb5 a6 27. Bxd7 Qxd7 28. a5 Nh6 29. Na4 Nhxg4 30. fxg4 Nxg4 31. Qb3 Nxf2 32. Kxf2 g4 33. cxd6 f3 34. Nc5 Qb5 35. Qe3 1-0

[Event "1.GRS Open"]
[Site "Ober-Ramstadt, Modauhalle"]
[Date "2024.07.27"]
[Round "3.40"]
[White "Feick, Claas Marten"]
[Black "Haraszti, Laszlo"]
[Result "1/2-1/2"]
[WhiteElo "1767"]
[BlackElo "1997"]
[PlyCount "114"]
[EventDate "2024.07.26"]
[WhiteTeam "SF Neuberg"]
[BlackTeam "SC Ladja Roßdorf"]

1. e4 c6 2. d4 d5 3. exd5 cxd5 4. Bd3 Nf6 5. c3 Nc6 6. Bf4 e6 7. Nf3 Bd6 8. Bg3 Nh5 9. Nbd2 Nf4 10. Bxf4 Bxf4 11. O-O O-O 12. Re1 Bd7 13. h4 f5 14. g3 Bd6 15. Ng5 Qf6 16. Qh5 h6 17. Nh3 e5 18. dxe5 Bxe5 19. f4 Bc7 20. Qf3 d4 21. Qd5+ Qf7 22. Qxf7+ Kxf7 23. Bc4+ Kf6 24. Rad1 Rfe8 25. Bd5 dxc3 26. bxc3 Ba5 27. Nf2 Bxc3 28. Nfe4+ fxe4 29. Nxe4+ Rxe4 30. Rxe4 Re8 31. Rxe8 Bxe8 32. Rb1 Bd4+ 33. Kg2 b6 34. Re1 Bd7 35. Rd1 Bc5 36. Bc4 Nd4 37. Kh2 Bc6 38. Kh3 h5 39. Rf1 a5 40. f5 Be4 41. g4 hxg4+ 42. Kxg4 Bxf5+ 43. Kg3 Nc2 44. Rxf5+ Kxf5 45. Bd3+ Ke5 46. Bxc2 Kd4 47. Kg4 Kc3 48. Bb3 b5 49. Kg5 a4 50. Bf7 b4 51. h5 Kd4 52. Kg6 Bf8 53. Kf5 Kc5 54. Kg6 Kd6 55. Bc4 Kc5 56. Bf7 Kd4 57. Kh7 Bd6 1/2-1/2

[Event "1.GRS Open"]
[Site "Ober-Ramstadt, Modauhalle"]
[Date "2024.07.27"]
[Round "3.42"]
[White "Draude, Theo"]
[Black "Kostenko, Lev"]
[Result "0-1"]
[WhiteElo "1692"]
[BlackElo "1970"]
[PlyCount "72"]
[EventDate "2024.07.26"]
[WhiteTeam "SF Korbach"]
[BlackTeam "SK 1945 Fürth"]

1. e4 c5 2. Nf3 d6 3. d4 cxd4 4. Nxd4 Nf6 5. Nc3 a6 6. Be3 e5 7. Nb3 Be6 8. f3 h5 9. Qd2 Nbd7 10. O-O-O Be7 11. Kb1 Rc8 12. Rg1 b5 13. Nd5 Bxd5 14. exd5 Nb6 15. Bxb6 Qxb6 16. Bd3 O-O 17. Bf5 Ra8 18. g4 hxg4 19. h3 Rfd8 20. hxg4 g6 21. Na5 Qc7 22. Nc6 Re8 23. Rh1 Bf8 24. Rh3 Bg7 25. Rdh1 Kf8 26. Qh2 gxf5 27. g5 Ng8 28. Rh7 Re7 29. Rxg7 Kxg7 30. Qh8+ Kf8 31. Rh7 Qb6 32. a3 Qg1+ 33. Ka2 Qxg5 34. Nxe7 Kxe7 35. Rg7 Qf6 36. Qh7 Nh6 0-1

[Event "1.GRS Open"]
[Site "Ober-Ramstadt, Modauhalle"]
[Date "2024.07.27"]
[Round "3.44"]
[White "Keller, Konstantin"]
[Black "Bremer, Vincent"]
[Result "1/2-1/2"]
[WhiteElo "1687"]
[BlackElo "1965"]
[PlyCount "100"]
[EventDate "2024.07.26"]
[WhiteTeam "SV 1920 Hofheim"]
[BlackTeam "TSG 1846 Bretzenheim/ZMO"]

1. d4 b5 2. Bf4 Bb7 3. e3 e6 4. Nf3 a6 5. Bd3 Nf6 6. h3 c5 7. c3 cxd4 8. cxd4 Bb4+ 9. Nbd2 O-O 10. O-O Nd5 11. Bg3 f5 12. e4 fxe4 13. Bxe4 Qb6 14. Nb3 Nf6 15. Bxb7 Qxb7 16. a3 Be7 17. Re1 Nd5 18. Qd2 Nc6 19. Nc5 Qa7 20. b4 Bf6 21. Bd6 Rfe8 22. Ne5 Nxe5 23. dxe5 Be7 24. Ne4 Rac8 25. Bxe7 Rxe7 26. Nd6 Rf8 27. Re4 h6 28. Rg4 Kh8 29. Rc1 Ref7 30. Nxf7+ Rxf7 31. Rc8+ Kh7 32. Qc2+ Rf5 33. Rf8 Ne3 34. fxe3 Qxe3+ 35. Kh2 Qxe5+ 36. g3 g6 37. Rxf5 gxf5 38. Rf4 Qe3 39. Qb2 Kg6 40. Rf2 h5 41. Re2 Qf3 42. Rd2 d5 43. Rc2 h4 44. gxh4 Qf4+ 45. Kh1 Qf1+ 46. Kh2 Qf4+ 47. Kg2 Qe4+ 48. Kf1 Qh1+ 49. Ke2 Qg2+ 50. Kd3 Qe4+ 1/2-1/2

[Event "1.GRS Open"]
[Site "Ober-Ramstadt, Modauhalle"]
[Date "2024.07.27"]
[Round "3.47"]
[White "Theobald, Fabian"]
[Black "Heimrath, Reiner"]
[Result "0-1"]
[WhiteElo "1757"]
[BlackElo "2140"]
[PlyCount "78"]
[EventDate "2024.07.26"]
[WhiteTeam "SC Ladja Roßdorf"]
[BlackTeam "SC Noris-Tarrasch Nürnberg 1873"]

1. e4 e5 2. Nf3 Nc6 3. Bc4 Nf6 4. d3 Be7 5. Nc3 O-O 6. O-O d6 7. h3 Be6 8. Bb3 a5 9. Bg5 Kh8 10. Ne2 a4 11. Bxe6 fxe6 12. Nh2 Nh5 13. Be3 Bg5 14. Qd2 Bf4 15. g3 Qg5 16. Nf3 Qg6 17. Nh4 Qf6 18. Ng2 g5 19. c3 Qh6 20. Kh2 Nf6 21. f3 g4 22. h4 gxf3 23. Nexf4 Ng4+ 24. Kg1 exf4 25. Nxf4 Rf7 26. Rxf3 Raf8 27. Rff1 Nce5 28. Qe2 Nxe3 29. Qxe3 Rg8 30. d4 Nc4 31. Qd3 Qxh4 32. Ne2 Nxb2 33. Qe3 Nc4 34. Qd3 Rfg7 35. Kg2 b5 36. Rh1 Qg5 37. Rh3 Rf7 38. Rah1 Rgf8 39. Rh5 Ne3+ 0-1

[Event "1.GRS Open"]
[Site "Ober-Ramstadt, Modauhalle"]
[Date "2024.07.27"]
[Round "3.48"]
[White "Lukas, Anne"]
[Black "Dornreiter, Michael"]
[Result "1-0"]
[WhiteElo "2024"]
[BlackElo "1763"]
[PlyCount "43"]
[EventDate "2024.07.26"]
[WhiteTeam "SK 1980 Gernsheim"]
[BlackTeam "SC Garching 1980 e.V."]

1. Nf3 d5 2. g3 Nf6 3. Bg2 Nc6 4. d4 Bf5 5. O-O e6 6. c4 Be7 7. Nc3 O-O 8. cxd5 exd5 9. Bf4 a6 10. Ne5 Nxe5 11. dxe5 Ne4 12. Nxd5 Bg5 13. Bxg5 Nxg5 14. Ne3 Be4 15. Bxe4 Nxe4 16. Qc2 Ng5 17. Rad1 Qe7 18. f4 Ne6 19. Nd5 Qe8 20. f5 Nd8 21. Qe4 Rc8 22. f6 1-0

[Event "1.GRS Open"]
[Site "Ober-Ramstadt, Modauhalle"]
[Date "2024.07.27"]
[Round "3.49"]
[White "Ferrer Ortega, Jesus Guillermo"]
[Black "Steinbrenner, Peter"]
[Result "1/2-1/2"]
[WhiteElo "1744"]
[BlackElo "1979"]
[PlyCount "54"]
[EventDate "2024.07.26"]
[WhiteTeam "SG Solingen"]
[BlackTeam "SK Kaiserslautern 1905"]

1. c4 c5 2. g3 g6 3. Bg2 Bg7 4. e4 d6 5. Ne2 Nc6 6. d3 e6 7. Nbc3 Nge7 8. Bg5 h6 9. Bd2 Nd4 10. O-O Bd7 11. f4 Bc6 12. Kh1 O-O 13. Nxd4 cxd4 14. Ne2 Rb8 15. g4 f5 16. Ng3 Kh7 17. gxf5 exf5 18. Rb1 b5 19. b3 bxc4 20. bxc4 Qc7 21. Qe2 Rbe8 22. Qf2 Ba8 23. exf5 Bxg2+ 24. Qxg2 Nxf5 25. Nxf5 Rxf5 26. Rb7 Qc8 27. Rfb1 Ref8 1/2-1/2

[Event "1.GRS Open"]
[Site "Ober-Ramstadt, Modauhalle"]
[Date "2024.07.27"]
[Round "3.50"]
[White "Bauch, Martin"]
[Black "Börsch, Dieter"]
[Result "1-0"]
[WhiteElo "1976"]
[BlackElo "1738"]
[PlyCount "81"]
[EventDate "2024.07.26"]
[WhiteTeam "SC Ober-Ramstadt"]
[BlackTeam "SK Bad Homburg 1927"]

1. e4 c5 2. Nf3 d6 3. d4 cxd4 4. Nxd4 Nf6 5. f3 e5 6. Nb3 d5 7. Bb5+ Bd7 8. Bxd7+ Qxd7 9. exd5 Qxd5 10. O-O Nc6 11. Nc3 Qxd1 12. Rxd1 Be7 13. Be3 O-O 14. a3 Rfd8 15. Kf2 Rxd1 16. Rxd1 Rd8 17. Rxd8+ Bxd8 18. Ke2 Kf8 19. Nc5 b6 20. N5e4 Nxe4 21. Nxe4 f6 22. c4 Ke7 23. c5 Ke6 24. cxb6 Bxb6 25. Bxb6 axb6 26. Kd3 Kd5 27. b4 Nd4 28. Nc3+ Kc6 29. Ke4 b5 30. Kd3 Kd6 31. f4 Ke6 32. g4 g5 33. fxg5 fxg5 34. Ke4 Kd6 35. a4 bxa4 36. Nxa4 Ke6 37. Nc5+ Kd6 38. Nd3 Nc6 39. b5 Nd4 40. b6 Nc6 41. b7 1-0

[Event "1.GRS Open"]
[Site "Ober-Ramstadt, Modauhalle"]
[Date "2024.07.27"]
[Round "3.51"]
[White "Nguyen, Nam"]
[Black "Diehm, Alexander"]
[Result "0-1"]
[WhiteElo "1661"]
[BlackElo "1976"]
[PlyCount "54"]
[EventDate "2024.07.26"]
[WhiteTeam "SV 1920 Hofheim"]
[BlackTeam "SC FK Babenhausen 1994"]

1. d4 d5 2. Bf4 e6 3. e3 Nd7 4. c3 f5 5. Nd2 Ngf6 6. Ngf3 Bd6 7. Ne5 O-O 8. Bd3 Qe8 9. h3 Ne4 10. f3 Bxe5 11. dxe5 Nec5 12. Bc2 b5 13. Nb3 Nxb3 14. axb3 c5 15. Qe2 a6 16. Qf2 Bb7 17. g4 Rc8 18. e4 fxe4 19. Qg3 Qf7 20. Be3 Qxf3 21. Qxf3 Rxf3 22. Kd2 d4 23. cxd4 cxd4 24. Bxd4 e3+ 25. Kd1 Rf2 26. Bxh7+ Kxh7 27. Bxe3 Bf3+ 0-1

[Event "1.GRS Open"]
[Site "Ober-Ramstadt, Modauhalle"]
[Date "2024.07.27"]
[Round "3.52"]
[White "Schimanko, Oliver"]
[Black "Adamczyk, Matthias"]
[Result "0-1"]
[WhiteElo "1684"]
[BlackElo "1968"]
[PlyCount "74"]
[EventDate "2024.07.26"]
[WhiteTeam "SK 1924 Pfungstadt"]
[BlackTeam "SC Schachmatt Weiterstadt"]

1. e4 c5 2. c3 d6 3. d4 cxd4 4. cxd4 Nf6 5. Nc3 g6 6. Nf3 Bg7 7. Bc4 Bg4 8. h3 Bxf3 9. Qxf3 Nc6 10. Be3 O-O 11. O-O Rc8 12. Bb3 a6 13. Rfd1 Qa5 14. a3 Qb6 15. Ba2 Qxb2 16. Ne2 Na5 17. Ng3 Qb5 18. Rab1 Qc6 19. Rdc1 Qd7 20. e5 dxe5 21. dxe5 Rxc1+ 22. Rxc1 Ne8 23. Qe4 Kh8 24. e6 fxe6 25. Bxe6 Qd6 26. Ba2 Qxa3 27. Qe6 Nc6 28. Ne4 Nc7 29. Qd7 Qxa2 30. Qxc7 Qd5 31. Nc5 Nd4 32. Kf1 Nf5 33. Kg1 Nxe3 34. fxe3 Qd2 35. Nxb7 Qxe3+ 36. Kh1 Be5 37. Qc4 Qg3 0-1

[Event "1.GRS Open"]
[Site "Ober-Ramstadt, Modauhalle"]
[Date "2024.07.27"]
[Round "3.53"]
[White "Manasek, Martin"]
[Black "Markosyan, Aleksandr"]
[Result "0-1"]
[WhiteElo "1677"]
[BlackElo "1953"]
[PlyCount "90"]
[EventDate "2024.07.26"]
[WhiteTeam "SC Flörsheim 1921"]
[BlackTeam "SG Turm Idstein"]

1. d4 d5 2. c4 c6 3. Nc3 Nf6 4. Nf3 e6 5. Bg5 h6 6. Bh4 dxc4 7. e4 b5 8. e5 g5 9. Bg3 Nd5 10. Be2 Bb7 11. O-O Nd7 12. a4 a6 13. Nxd5 cxd5 14. Nd2 Qb6 15. axb5 axb5 16. Rxa8+ Bxa8 17. Qa1 Bb7 18. Nf3 Bb4 19. Rd1 Ke7 20. Qb1 Ba5 21. h3 b4 22. Rc1 Qa7 23. Qa1 Ra8 24. Qb1 Nf8 25. Rd1 Bb6 26. Qc1 Ng6 27. Kh2 Bc6 28. Bd3 Ba4 29. Bc2 Bxc2 30. Qxc2 Qa4 31. Qe2 Qb3 32. Rc1 Ra2 33. Rc2 c3 34. Ne1 cxb2 35. Rxb2 Qxb2 36. Qb5 Qxd4 37. Qc6 Qc5 38. Qd6+ Qxd6 39. exd6+ Kd7 40. Nd3 b3 41. Nc1 b2 42. Nxa2 b1=Q 43. Nc3 Qc2 44. Nb5 Bxf2 45. Bxf2 Qxf2 0-1

[Event "1.GRS Open"]
[Site "Ober-Ramstadt, Modauhalle"]
[Date "2024.07.27"]
[Round "3.54"]
[White "Henzelmann, Matthias"]
[Black "von Wahden, Jens"]
[Result "0-1"]
[WhiteElo "1657"]
[BlackElo "1951"]
[PlyCount "138"]
[EventDate "2024.07.26"]
[WhiteTeam "SC Heuchelheim"]
[BlackTeam "SV Oberursel"]

1. d4 Nf6 2. c4 e6 3. Nf3 d5 4. e3 Be7 5. Nbd2 O-O 6. a3 b6 7. b4 c5 8. bxc5 bxc5 9. Be2 Nc6 10. Nb3 cxd4 11. Nfxd4 Bb7 12. O-O Rc8 13. Nxc6 Bxc6 14. cxd5 Bxd5 15. Nd4 Ne4 16. Bd2 Nxd2 17. Qxd2 Bc5 18. Rfc1 Qe7 19. a4 Rfd8 20. Qb2 Qf6 21. Rab1 Be4 22. Ra1 Rb8 23. Qc3 Bxd4 24. exd4 Rxd4 25. f3 Ba8 26. Kf2 Rbd8 27. Rab1 Rxa4 28. Qxf6 gxf6 29. Ra1 Bc6 30. Rxa4 Bxa4 31. Ra1 Rd4 32. Ke3 Rb4 33. g3 f5 34. Kd3 Rb3+ 35. Kd2 Rb2+ 36. Ke1 Rb4 37. Kd2 f4 38. g4 e5 39. Kc3 Rb3+ 40. Kd2 Rb2+ 41. Ke1 Rb4 42. Kd2 Kf8 43. h4 f6 44. Bd3 h6 45. Ra3 Bc6 46. Rxa7 Bxf3 47. Bf5 h5 48. gxh5 Bxh5 49. Rh7 Bf7 50. h5 e4 51. h6 e3+ 52. Ke2 Rb5 53. Rh8+ Ke7 54. Bd3 Rb2+ 55. Kf3 Rh2 56. h7 Bd5+ 57. Kxf4 e2 58. Bxe2 Rxe2 59. Rb8 Rh2 60. h8=Q Rxh8 61. Rxh8 Kf7 62. Kf5 Be6+ 63. Kf4 Kg6 64. Rg8+ Bxg8 65. Kg4 Be6+ 66. Kf4 f5 67. Kf3 Kg5 68. Kg3 f4+ 69. Kf3 Bd5+ 0-1

[Event "1.GRS Open"]
[Site "Ober-Ramstadt, Modauhalle"]
[Date "2024.07.27"]
[Round "3.55"]
[White "Witt, Alexander"]
[Black "Kais, Edgar"]
[Result "0-1"]
[WhiteElo "1637"]
[BlackElo "1921"]
[PlyCount "90"]
[EventDate "2024.07.26"]
[WhiteTeam "Vorw.Orient Mainz"]
[BlackTeam "SC Nastätten e.V."]

1. e4 Nf6 2. Nc3 d6 3. d4 c6 4. Bf4 Qa5 5. Bd3 e5 6. dxe5 dxe5 7. Bd2 Qb6 8. h3 Be6 9. Na4 Qc7 10. Nf3 h6 11. O-O Nbd7 12. Qe2 b5 13. Nc3 a6 14. a3 Bc5 15. Rac1 Nh5 16. Be3 Bxe3 17. Qxe3 Nf4 18. Ne1 g5 19. Ne2 h5 20. Nxf4 gxf4 21. Qd2 Qd6 22. Rd1 Rg8 23. Kh1 Qc5 24. Be2 Nf6 25. f3 Nd7 26. Qd6 Qxd6 27. Rxd6 Rc8 28. Rd2 Nc5 29. Nd3 Nxd3 30. Bxd3 Ke7 31. Rfd1 Rgd8 32. Be2 h4 33. Kg1 a5 34. Rxd8 Rxd8 35. Rxd8 Kxd8 36. Kf1 b4 37. axb4 axb4 38. b3 Kc7 39. Ke1 Kd6 40. Kd2 Kc5 41. Bd3 Kd4 42. Ke2 Kc3 43. Kd1 Bxb3 44. cxb3 Kxd3 45. Kc1 Kc3 0-1

[Event "1.GRS Open"]
[Site "Ober-Ramstadt, Modauhalle"]
[Date "2024.07.27"]
[Round "3.56"]
[White "Ghaznavi, Massoud"]
[Black "Weiler, Wolfgang"]
[Result "0-1"]
[WhiteElo "1630"]
[BlackElo "1921"]
[PlyCount "84"]
[EventDate "2024.07.26"]
[WhiteTeam "SV Oberursel"]
[BlackTeam "Schachfreunde Lohmar 1974"]

1. d4 g6 2. e4 Bg7 3. Be3 Nf6 4. Bd3 d5 5. e5 Ng4 6. Bg5 Nh6 7. h3 Nf5 8. Ne2 h6 9. Bf4 g5 10. Bd2 c5 11. c3 Nc6 12. Qc2 Nh4 13. Rh2 c4 14. Bh7 Kf8 15. Be3 Rxh7 16. Nd2 Rh8 17. g4 b5 18. O-O-O b4 19. f4 bxc3 20. Nxc3 Nb4 21. Qa4 Nd3+ 22. Kb1 gxf4 23. Bf2 Ng6 24. Nf3 Bd7 25. Qc2 Rb8 26. Rxd3 cxd3 27. Qxd3 Qb6 28. Qc2 e6 29. h4 Bb5 30. Be1 Ne7 31. Qd2 Nc6 32. Qxf4 Bd3+ 33. Ka1 Nb4 34. Na4 Qb5 35. Bxb4+ Qxb4 36. Nc5 Qb5 37. Nxe6+ Kg8 38. Nxg7 Be4 39. Ne1 Qb4 40. Rd2 Qc3 41. Re2 Rxb2 42. Rxe4 Rd2+ 0-1

[Event "1.GRS Open"]
[Site "Ober-Ramstadt, Modauhalle"]
[Date "2024.07.27"]
[Round "3.57"]
[White "Ziska, Stephan"]
[Black "Vorsilka, Jiri"]
[Result "0-1"]
[WhiteElo "1910"]
[BlackElo "1723"]
[PlyCount "50"]
[EventDate "2024.07.26"]
[WhiteTeam "SF Bürstadt"]
[BlackTeam "Oaza Praha"]

1. e4 e5 2. Nc3 Nf6 3. f4 d5 4. fxe5 Nxe4 5. Nf3 Bc5 6. d4 Bb4 7. Bd2 c5 8. Nxe4 dxe4 9. Bxb4 cxb4 10. Ng1 Nc6 11. Bb5 O-O 12. Bxc6 bxc6 13. Qe2 Qxd4 14. Nh3 Qxe5 15. O-O-O Bxh3 16. gxh3 Rad8 17. Qa6 Qf4+ 18. Kb1 Rxd1+ 19. Rxd1 e3 20. Qxc6 e2 21. Re1 Qd4 22. Qh1 Rd8 23. Rc1 Qd1 24. a3 Qxh1 25. Rxh1 Rd1+ 0-1

[Event "1.GRS Open"]
[Site "Ober-Ramstadt, Modauhalle"]
[Date "2024.07.27"]
[Round "3.59"]
[White "Pabel, Ralph"]
[Black "Kail, Thomas"]
[Result "1-0"]
[WhiteElo "1860"]
[BlackElo "1689"]
[PlyCount "77"]
[EventDate "2024.07.26"]
[WhiteTeam "SK 1929 Mainaschaff"]
[BlackTeam "SK 1925 Großwallstadt"]

1. e4 e5 2. Bc4 Nf6 3. d3 d6 4. Nc3 Be6 5. Nge2 Be7 6. O-O Bxc4 7. dxc4 O-O 8. Qd3 Nbd7 9. Ng3 Kh8 10. Qe2 Rg8 11. Be3 a6 12. Rad1 b6 13. a3 g6 14. Na2 a5 15. Nc3 Nc5 16. f3 Qe8 17. Nb5 Qd7 18. b3 Ne8 19. Bc1 f6 20. Qe3 Bf8 21. h4 h5 22. Nc3 Ne6 23. Nd5 Qg7 24. Kh1 Kh7 25. Rf2 Qh6 26. Qc3 Qg7 27. Rdf1 Qd7 28. Ne2 Bg7 29. Qe3 Rf8 30. g4 hxg4 31. fxg4 Rb8 32. g5 Rf7 33. gxf6 Bf8 34. Qg3 Bh6 35. Rg1 Nf8 36. Bxh6 Kxh6 37. h5 gxh5 38. Qg5+ Kh7 39. Qxh5# 1-0

[Event "1.GRS Open"]
[Site "Ober-Ramstadt, Modauhalle"]
[Date "2024.07.27"]
[Round "3.60"]
[White "Marinov, Alexander Valentin"]
[Black "Schmidt, Jörg"]
[Result "1-0"]
[WhiteElo "1588"]
[BlackElo "1858"]
[PlyCount "71"]
[EventDate "2024.07.26"]
[WhiteTeam "SV 1920 Hofheim"]
[BlackTeam "SK Niederbrechen 1948"]

1. e4 c6 2. d4 d5 3. f3 e6 4. Nc3 Ne7 5. Be2 b6 6. Nh3 Ba6 7. Bxa6 Nxa6 8. Nf2 Nc7 9. O-O c5 10. Bf4 Rc8 11. Re1 Ng6 12. Bxc7 Rxc7 13. exd5 cxd4 14. Qxd4 e5 15. Qa4+ Rd7 16. Rad1 Bc5 17. b4 Bxf2+ 18. Kxf2 O-O 19. Qb3 a6 20. Ne4 Qh4+ 21. Kg1 f5 22. d6+ Kh8 23. Qe6 fxe4 24. Qxd7 exf3 25. Rf1 Qg5 26. g3 e4 27. Qc6 e3 28. Rxf3 Qg4 29. Rxf8+ Nxf8 30. Rf1 h5 31. Qf3 e2 32. Qxf8+ Kh7 33. Re1 Qd4+ 34. Qf2 Qxd6 35. Qxe2 Qxb4 36. Qe4+ 1-0